| 000 | 00640 a2200313 4500 | ||
|---|---|---|---|
| 260 | _aCotonou | ||
| 711 | _d14 au 18 juin 1993 | ||
| 711 | _cCotonou | ||
| 110 | _aGTZ | ||
| 710 | _aFAO | ||
| 710 | _aUAW | ||
| 710 | _aFSA | ||
| 710 | _aUNB | ||
| 260 | _bFSA | ||
| 300 | _a469p. | ||
| 650 | _aNutrition humaine | ||
| 100 | _aNAGO, C. M. | ||
| 700 | _aHOUNHOUIGAN, D.J. | ||
| 700 | _aDE KONING F. | ||
| 700 | _aGROSS, R. | ||
| 440 | _aActes du séminaire atelier | ||
| 260 | _c1996 | ||
| 300 | _bill. | ||
| 130 | _lFr | ||
| 711 | _aSéminaire-atelier | ||
| 690 | _aZone urbaine | ||
| 999 |
_c27446 _d27446 |
||